[Event "Podturen Mavrin Memorial 7th"]
[Site "Podturen"]
[Date "2019.01.06"]
[Round "7"]
[White "Kristovic, Robert"]
[Black "Skuhala, Barbara"]
[Result "0-1"]
[WhiteElo "1904"]
[BlackElo "2101"]
[PlyCount "102"]
[EventDate "2019.01.03"]
[EventType "swiss"]
[EventRounds "7"]
[EventCountry "CRO"]
[SourceTitle "CBM 188 Extra"]
[Source "ChessBase"]
[SourceDate "2019.02.26"]
[SourceVersion "1"]
[SourceVersionDate "2019.02.26"]
[SourceQuality "1"]

1. d4 Nf6 2. c4 e6 3. a3 b6 4. Nc3 d5 5. e3 Be7 6. f4 0-0 7. Nf3 Bb7 8. b4 c5 9. dxc5 bxc5 10. b5 a6 11. Be2 dxc4 12. Qxd8 Rxd8 13. Bxc4 Nd5 14. Bd2 Bf6 15. Rc1 Nxc3 16. Bxc3 axb5 17. Bxf6 gxf6 18. Bxb5 Rxa3 19. Kf2 Ra2+ 20. Kg3 Kh8 21. Rhg1 Rg8+ 22. Kh3 Be4 23. Nh4 Ra3 24. Rxc5 Rxe3+ 25. g3 Ra3 26. Rgc1 Ra5 27. Be2 Rxc5 28. Rxc5 Rd8 29. Bb5 Kg7 30. Rc7 Bd3 31. Bxd3 Rxd3 32. Ng2 Nd7 33. Ne1 Rd1 34. Nf3 Nb6 35. g4 Nd5 36. Rc4 Rd3 37. Kg3 Rb3 38. Ra4 Rb2 39. Ra7 Rb4 40. f5 exf5 41. gxf5 Rb5 42. Nd4 Rb8 43. Ne6+ Kg8 44. Nc5 Rb5 45. Ne4 Rb3+ 46. Kf2 Rb2+ 47. Kg3 Rb3+ 48. Kf2 Rb2+ 49. Kg3 Re2 50. Nd6 Ne7 51. h4 h5 0-1

[Event "Podturen Mavrin Memorial 6th"]
[Site "Podturen"]
[Date "2018.01.06"]
[Round "5"]
[White "Cechi, Goran"]
[Black "Kristovic, Robert"]
[Result "1/2-1/2"]
[WhiteElo "1963"]
[BlackElo "1840"]
[PlyCount "111"]
[EventDate "2018.01.04"]
[EventType "swiss"]
[EventRounds "7"]
[EventCountry "CRO"]
[SourceTitle "CBM 182 Extra"]
[Source "ChessBase"]
[SourceDate "2018.02.23"]
[SourceVersion "1"]
[SourceVersionDate "2018.02.23"]
[SourceQuality "1"]

1. e4 c5 2. a3 e5 3. f4 d5 4. exd5 exf4 5. Nf3 Qxd5 6. Bb5+ Bd7 7. Qe2+ Be7 8. 0-0 Nc6 9. Nc3 Qf5 10. Bxc6 Bxc6 11. d4 0-0-0 12. Ne5 g5 13. Nxc6 bxc6 14. Qa6+ Kb8 15. Qxc6 cxd4 16. Ne2 Qd5 17. Qxd5 Rxd5 18. g3 Bc5 19. Kg2 fxg3 20. Nxg3 f6 21. Bd2 h5 22. Rae1 Rd8 23. Rf5 Bb6 24. Ne4 Re8 25. Nxf6 Rxe1 26. Bxe1 Nxf6 27. Bg3+ Kb7 28. Rxf6 Re8 29. Kf1 h4 30. Bf2 Rc8 31. Rg6 Rxc2 32. Rxg5 d3 33. Bxb6 axb6 34. Rd5 Rxb2 35. Rxd3 Rxh2 36. Kg1 Ra2 37. Rh3 b5 38. Kf1 Kb6 39. Ke1 Ka5 40. Kd1 Ka4 41. Kc1 Rg2 42. Rxh4+ Kxa3 43. Rh1 b4 44. Kb1 Rg3 45. Rf1 Kb3 46. Rc1 Ka3 47. Rf1 b3 48. Rh1 Kb4 49. Rh4+ Kc3 50. Rh1 b2 51. Rf1 Rd3 52. Rh1 Kb3 53. Rh3 Rc3 54. Rh1 Rd3 55. Rh3 Kc3 56. Rxd3+ 1/2-1/2

[Event "CRO-chT3 Centar-B"]
[Site "Croatia"]
[Date "2017.04.09"]
[Round "2.4"]
[White "Kristovic, Robert"]
[Black "Skrobar, David"]
[Result "1-0"]
[WhiteElo "1833"]
[BlackElo "1755"]
[PlyCount "55"]
[EventDate "2017.04.02"]
[EventType "team-tourn"]
[EventRounds "9"]
[EventCountry "CRO"]
[SourceTitle "EXT 2019"]
[Source "ChessBase"]
[SourceDate "2018.10.10"]
[SourceVersion "1"]
[SourceVersionDate "2018.10.10"]
[SourceQuality "1"]

1. e4 c5 2. c4 Nc6 3. f4 g6 4. Nf3 Bg7 5. Nc3 d6 6. Be2 Nh6 7. d3 0-0 8. Be3 f5 9. h3 a6 10. Qd2 Bd7 11. Ng5 Nd4 12. 0-0 b5 13. Rae1 bxc4 14. dxc4 fxe4 15. Ncxe4 Nhf5 16. Bf2 Rb8 17. b3 a5 18. Bd1 h6 19. g4 hxg5 20. gxf5 Bxf5 21. Nxg5 Qd7 22. Kh2 Rb4 23. Rg1 a4 24. a3 Nxb3 25. Qd5+ e6 26. Nxe6 Bxe6 27. Rxe6 Rb7 28. Re7+ 1-0

[Event "CRO-chT3B Center North"]
[Site "Croatia"]
[Date "2016.04.10"]
[Round "2.2"]
[White "Kristovic, Robert"]
[Black "Kovac, Hrvoje"]
[Result "0-1"]
[WhiteElo "1846"]
[BlackElo "1924"]
[PlyCount "57"]
[EventDate "2016.04.03"]
[EventType "team-tourn"]
[EventRounds "9"]
[EventCountry "CRO"]
[SourceTitle "EXT 2019"]
[Source "ChessBase"]
[SourceDate "2018.10.10"]
[SourceVersion "1"]
[SourceVersionDate "2018.10.10"]
[SourceQuality "1"]

1. a3 g6 2. b4 Bg7 3. d4 d5 4. Nf3 Nf6 5. e3 0-0 6. h3 b6 7. c4 c5 8. Bb2 Bb7 9. Nc3 cxd4 10. exd4 Nc6 11. c5 bxc5 12. bxc5 Ne4 13. Be2 Qa5 14. Qd3 e5 15. 0-0 Nxd4 16. Nxd4 exd4 17. Nb5 Ba6 18. Qb3 Bxb5 19. Bxb5 Nd2 20. Qd3 Nxf1 21. Rxf1 Rab8 22. a4 a6 23. Bxd4 axb5 24. Bxg7 Kxg7 25. axb5 Rxb5 26. Qd4+ Kg8 27. c6 Rc5 28. Qf6 Qc7 29. h4 0-1

[Event "CRO-chT3B Center North"]
[Site "Croatia"]
[Date "2014.05.04"]
[Round "4.4"]
[White "Zeleznjak, Tihomir"]
[Black "Kristovic, Robert"]
[Result "1-0"]
[WhiteElo "2122"]
[BlackElo "1870"]
[PlyCount "81"]
[EventDate "2014.04.06"]
[EventType "team-tourn"]
[EventRounds "9"]
[EventCountry "CRO"]
[SourceTitle "EXT 2019"]
[Source "ChessBase"]
[SourceDate "2018.10.10"]
[SourceVersion "1"]
[SourceVersionDate "2018.10.10"]
[SourceQuality "1"]

1. d4 d5 2. c4 e6 3. Nc3 Nf6 4. cxd5 exd5 5. Bg5 Bb4 6. Qb3 Nc6 7. e3 0-0 8. Bd3 Be6 9. a3 Ba5 10. Qc2 h6 11. Bh4 g5 12. Bg3 Nh5 13. b4 Bxb4 14. axb4 Nxb4 15. Qb1 Nxd3+ 16. Qxd3 Qd7 17. Nf3 Bf5 18. Qb5 c6 19. Qb4 f6 20. 0-0 Nxg3 21. hxg3 b5 22. Nd2 Bd3 23. Rfe1 f5 24. Nf3 Qc7 25. Qc5 Rfc8 26. Ne5 Bc4 27. Ra6 Qb7 28. Rxc6 Rxc6 29. Nxc6 Re8 30. Nxd5 Re6 31. Ndb4 Qc7 32. Ra1 Qd6 33. Qxf5 a5 34. Rxa5 Rf6 35. Ra8+ Kg7 36. Qc8 Be6 37. Qh8+ Kg6 38. Ne5+ Kh5 39. Qe8+ Bf7 40. Nxf7 Qxb4 41. Ne5+ 1-0

[Event "CRO-chT4B Center North"]
[Site "Croatia"]
[Date "2013.10.26"]
[Round "9.2"]
[White "Kovacic, Franjo"]
[Black "Kristovic, Robert"]
[Result "0-1"]
[WhiteElo "1701"]
[BlackElo "1866"]
[PlyCount "62"]
[EventDate "2013.04.14"]
[EventType "team-tourn"]
[EventRounds "9"]
[EventCountry "CRO"]
[SourceTitle "EXT 2019"]
[Source "ChessBase"]
[SourceDate "2018.10.10"]
[SourceVersion "1"]
[SourceVersionDate "2018.10.10"]
[SourceQuality "1"]

1. d4 c5 2. c4 e6 3. Nf3 d5 4. e3 Nf6 5. Nc3 a6 6. cxd5 Nxd5 7. dxc5 Nxc3 8. Qxd8+ Kxd8 9. bxc3 Bxc5 10. Bd3 Nc6 11. 0-0 b5 12. Be4 Bb7 13. Ng5 Ke7 14. Nxh7 f6 15. a4 Nd8 16. Bg6 Nf7 17. f4 Nd6 18. g4 Ne4 19. Ba3 Bxa3 20. Rxa3 Nd2 21. Rf2 Nc4 22. Rb3 Nxe3 23. h3 Rhd8 24. Re2 Rd1+ 25. Kf2 Nd5 26. f5 Nf4 27. Re3 Bd5 28. Rb2 e5 29. axb5 axb5 30. Rxb5 Raa1 31. c4 Ra2+ 0-1

[Event "CRO-chT3A Center"]
[Site "Zagreb"]
[Date "2010.04.25"]
[Round "5.16"]
[White "Kristovic, Robert"]
[Black "Galic, Ivan2222"]
[Result "1-0"]
[WhiteElo "1897"]
[BlackElo "1880"]
[PlyCount "87"]
[EventDate "2010.03.21"]
[EventType "team-tourn"]
[EventRounds "11"]
[EventCountry "CRO"]
[SourceTitle "EXT 2012"]
[Source "ChessBase"]
[SourceDate "2011.11.24"]
[SourceVersion "1"]
[SourceVersionDate "2011.11.24"]
[SourceQuality "1"]

1. d4 Nf6 2. Nf3 d5 3. c4 e6 4. e3 Bb4+ 5. Bd2 Bxd2+ 6. Nbxd2 0-0 7. Bd3 h6 8. 0-0 b6 9. Rc1 dxc4 10. Nxc4 Bb7 11. Nce5 Nbd7 12. Nc6 Bxc6 13. Rxc6 Nb8 14. Rc2 Nd5 15. a3 Nd7 16. b4 a5 17. b5 Rc8 18. Qd2 Qe7 19. e4 N5f6 20. Rc3 Rfd8 21. Rfc1 Nb8 22. Bb1 Ne8 23. Qc2 g6 24. e5 Rd7 25. Qd2 Kg7 26. Be4 Qd8 27. Bb7 Rd5 28. Bxd5 Qxd5 29. a4 Nd7 30. h3 Rd8 31. Qf4 Rc8 32. Rc6 Qa2 33. R6c4 Qa3 34. Qe4 Qe7 35. Rc6 Qd8 36. Nd2 Nb8 37. R6c3 Qd7 38. Qb7 Rd8 39. Rxc7 Nxc7 40. Rxc7 Qe8 41. Re7 Qf8 42. Ne4 Rxd4 43. Nd6 Rf4 44. g3 1-0